000 00875nam a2200241 4500
005 20020327112551.0
008 710422s1970 enk b 000 0 eng
010 _aENG-92719
020 _c80.00
_a9788380008691
035 _aEN-76252
037 _bDBAD / PUB
040 _adpl
_bEnglish
082 _a516.3
100 _aRameshkumar, D.
245 _aAnalytical geometry (3D) and integral calculas /
_cby D. Rameshkumar
260 _aTamilnadu
_bMercury Printers Publishers
_c2008
270 _aGanesh Complex, Peramballor
_bTamilnadu
_e621212
300 _a201p.
_c20cm (pbk)
650 _aGeometry, Analytic.
650 _aCalculus.
942 _2ddc
_cEN
_mRAM
_h516.3
999 _c22691
_d22691